Từ điển tường giải kinh tế thị trường xã hội
Сохранить в:
| Главный автор: | |
|---|---|
| Формат: | |
| Язык: | Undetermined |
| Опубликовано: |
Hà Nội
Nhà xuất bản Từ điển Bách Khoa
2005
|
| Предметы: | |
| Метки: |
Добавить метку
Нет меток, Требуется 1-ая метка записи!
|
| Thư viện lưu trữ: | Trung tâm Học liệu Trường Đại học Cần Thơ |
|---|
| LEADER | 00654nam a2200193Ia 4500 | ||
|---|---|---|---|
| 001 | CTU_92384 | ||
| 008 | 210402s9999 xx 000 0 und d | ||
| 082 | |a 330.03 | ||
| 082 | |b H354 | ||
| 100 | |a Hasse, Rolf H. | ||
| 245 | 0 | |a Từ điển tường giải kinh tế thị trường xã hội | |
| 245 | 0 | |c Rolf H. Hasse, Hermann Schneider, Klaus Weigelt ; Lương Văn Kế dịch | |
| 260 | |a Hà Nội | ||
| 260 | |b Nhà xuất bản Từ điển Bách Khoa | ||
| 260 | |c 2005 | ||
| 650 | |a economics | ||
| 650 | |x dictionaries | ||
| 904 | |i Mai Loan(Tuyen) | ||
| 980 | |a Trung tâm Học liệu Trường Đại học Cần Thơ | ||